000 00421nam a2200145Ia 4500
008 100122s9999 xx 000 0 und d
082 _b55957
_a823.08
100 _aजोग सुजाता
245 _aनादब्रम्ह
260 _bनीहारा प्रकाशन
_c1999
300 _a112
630 _aनादब्रम्ह
730 _aनादब्रम्ह
942 _cBOOK
999 _c432488
_d432485